| 000 | 00834 a2200241 4500 | ||
|---|---|---|---|
| 005 | 20251204153319.0 | ||
| 008 | 251204b |||||||| |||| 00| 0 eng d | ||
| 020 | _a9781032766157 (pbk) | ||
| 037 | _cTB | ||
| 040 |
_aCRL _cCRL |
||
| 041 |
_2eng _aeng |
||
| 084 |
_aSN1:7:7 R5 _qCRL |
||
| 100 |
_aProvenzi, Livio _9821429 |
||
| 245 |
_aPsychological footprints through human development: _bhow our experiences shape who we are |
||
| 260 |
_aLondon, UK; _aNew York, USA: _bRoutledge, _c2025. |
||
| 300 | _axii, 207p. | ||
| 365 |
_b34.99 _cUKP |
||
| 650 |
_aPsychology _9854649 |
||
| 650 |
_aBehaviouristic _9854650 |
||
| 650 |
_aHuman Development _9854651 |
||
| 942 |
_cTB _2CC _n0 _hSN1:7:7 R5 |
||
| 999 |
_c1435508 _d1435508 |
||